| 000 | 00684nam a2200205 a 4500 | ||
|---|---|---|---|
| 005 | 20240925065107.0 | ||
| 008 | 991125s1975 bar 000 0 spa u | ||
| 020 | _a8424403681 | ||
| 035 | _aUPN01000051258 | ||
| 049 | _aCG | ||
| 050 | 4 |
_aBF21 S5.78 _bS5.78 |
|
| 100 | 1 |
_aSkinner, B. F. _q(Burrhus Frederic), _d1904-1990 _930021 |
|
| 245 | 1 | 0 |
_aRegistro acumulativo: _bselección de la obra de Skinner realizada por el propio autor / _cB. F. Skinner ; tr. por Rose Berdagué. |
| 260 |
_aBarcelona, Esp. : _bFontanella, _c1975. |
||
| 300 |
_a672 p. : _bil. |
||
| 440 | 0 |
_aConducta humana ; _v24 |
|
| 650 | 4 |
_aConducta (Psicología) _94460 |
|
| 650 | 4 |
_aPsicología _938 |
|
| 905 | _aLibro | ||
| 999 |
_c51258 _d51258 |
||